Sl Benfica - Tous les joueurs de 2010 à 2025 - Statistiques

Statistiques générales
  • Ce quiz a été pris 408 fois
    87 depuis la dernière actualisation
  • Le résultat moyen est 75 sur 222
Statistiques - réponses
Saisons Nationalité Joueur Nombre
De Matchs
Poste % Correct
2020 - Argentine NicólasOtamendi 232 D
92%
2022 - Portugal AntonioSilva 140 D
90%
2016 - 2024 Portugal RafaSilva 325 A
88%
2023 - Ukraine AnatoliyTrubin 99 G
78%
2013 - 2014 Portugal BernardoSilva 3 M
78%
2024 - Portugal ManuSilva 3 M
78%
2023 - 2025 Argentine AngelDi Maria 92 M/A
76%
2015 - 2023 Espagne AlejandroGrimaldo 303 D
73%
2022 - 2024 Portugal JoaoNeves 75 M
73%
2010 - 2018 Brésil Luisao 288 D
73%
2014 - 2022 Portugal Pizzi 360 M
73%
2017 - 2020 Portugal RúbenDias 137 D
73%
2024 - Grèce VangelisPavlidis 57 A
73%
2022 - Norvège FredrikAursnes 150 D/M
71%
2010 - 2015 Uruguay MaximilianoPereira 219 D
71%
2020 - 2022 Uruguay DarwinNúnez 85 A
69%
2022 - 2023 Argentine EnzoFernández 29 M
69%
2015 - 20162024 - 2025 Portugal RenatoSanches 56 M
69%
2021 - 2023 Portugal GilDias 20 A
67%
2017 - 2022 Suisse HarisSeferovic 188 A
67%
2018 - 2022 Maroc AdelTaarabt 129 M
65%
2010 - 20112012 - 2019 Argentine EduardoSalvio 266 A
65%
2014 - 2019 Brésil Jonas 183 A
63%
2018 - 2023 Grèce OdysseasVlachodimos 223 G
63%
2012 - 2015 Pays - Bas OlaJohn 90 A
63%
2016 - 2017 Portugal PedroPereira 1 D
63%
2011 - 2022 Portugal AndréAlmeida 308 D
61%
2010 - 2011 Brésil DavidLuiz 28 D
61%
2018 - 2019 Portugal JoaoFelix 43 A
61%
2010 - 2014 Paraguay ÓscarCardozo 166 A
61%
2015 - 2018 Mexique RaúlJiménez 120 A
61%
2021 - 20222023 - Portugal TomásAraújo 68 D
61%
2022 - Danemark AlexanderBah 103 D
59%
2018 - 20202021 - 2022 Portugal GedsonFernandes 63 M
59%
2021 - 2023 Portugal HenriqueAraújo 20 A
59%
2021 - 2024 Portugal JoaoMário 149 M
59%
2014 - 2017 Brésil JúlioCésar 83 G
59%
2010 - 2011 Brésil JúlioCésar 10 G
59%
2015 - 2017 Grèce KonstantinosMitroglou 88 A
59%
2024 - Suède SamuelDahl 22 D
59%
2022 - Portugal SamuelSoares 16 G
59%
2022 - 20232024 - Norvège AndreasSchjelderup 43 A
57%
2015 - 2017 Brésil Ederson 58 G
57%
2011 - 2015 Argentine EnzoPérez 117 M
57%
2024 - 2025 Turquie KeremAkturkoglu 58 A
57%
2023 - 2025 Turquie OrkunKokcu 98 M
57%
2014 - 2021 Grèce AndreasSamaris 196 M
55%
2010 - 2016 Argentine NicolasGaitán 253 M/A
55%
2011 - 2012 Uruguay RodrigoMora 3 A
55%
2012 - 2014 Portugal AndréGomes 41 M
53%
2024 - 2025 Portugal AndreGomes 1 G
53%
2013 - 2014 Slovénie JanOblak 26 G
53%
2010 - 2021 Brésil Jardel 285 D
53%
2019 - 2022 Allemagne JulianWeigl 115 M
53%
2011 - 2014 Argentine EzequielGaray 136 D
51%
2023 - Argentine GianlucaPrestianni 15 A
51%
2024 - Portugal HugoFelix 1 M
51%
2024 - Portugal NunoFelix 3 M
51%
2020 - 2021 Portugal TiagoAraújo 1 A
51%
2019 - 2023 Portugal GonçaloRamos 106 A
49%
2024 - Luxembourg LeandroBarreiro 47 M
49%
2018 - 2019 Guinée - Bissau AlfaSemedo 16 M
47%
2018 - 20202022 - 2025 Portugal Florentino 183 M
47%
2020 - 2022 Belgique JanVertonghen 89 D
47%
2013 - 2014 Serbie LazarMarkovic 49 A
47%
2015 - 2017 Portugal NélsonSemedo 65 D
47%
2011 - 2014 Serbie NemanjaMatic 98 M
47%
2010 - 2011 Portugal NunoGomes 8 A
47%
2012 - 2018 Portugal PauloLopes 11 G
47%
2011 - 2013 Brésil BrunoCésar 60 M
45%
2013 - 2014 Portugal JoaoCancelo 2 D
45%
2013 - 2020 Serbie LjubomirFejsa 169 M
45%
2019 - 2021 Portugal NunoTavares 41 D
45%
2010 - 2013 Argentine PabloAimar 109 M
45%
2021 - 2022 Ukraine RomanYaremchuk 48 A
45%
2013 - 2017 Suède VictorLindelof 73 D
45%
2016 - 2017 Portugal ZéGomes 5 A
45%
2023 - 2025 Espagne AlvaroCarreras 68 D
43%
2010 - 2011 Argentine José LuisFernández 3 M
43%
2019 - 2020 Espagne RaulDe Tomas 19 A
43%
2022 - 2024 Brésil DavidNeres 83 A
41%
2019 - 2020 Cap - Vert DavidTavares 2 M
41%
2014 - 2018 Portugal Eliseu 109 D
41%
2020 - 2022 Brésil Éverton 94 A
41%
2022 - 2023 Allemagne JulianDraxler 18 A
41%
2012 - 2015 Brésil Lima 144 A
41%
2019 - 2020 Portugal TomásTavares 26 D
41%
2011 - 2012 Belgique AxelWitsel 52 M
39%
2010 - 2012 Argentine JavierSaviola 78 A
39%
2017 - 2022 Serbie MikeSvilar 23 G
39%
2011 - 2014 Espagne Rodrigo 120 A
39%
2024 - 2025 Italie AndreaBelotti 24 A
37%
2013 - 2014 Angola HélderCosta 1 A
37%
2014 - 2018 Argentine LisandroLópez 54 D
37%
2016 - 2017 Pérou AndréCarrillo 32 A
35%
2014 - 20172022 - 2024 Portugal GoncaloGuedes 97 A
35%
2010 - 2012 Espagne JaviGarcía 86 M
35%
2022 - 2023 États - Unis John AnthonyBrooks 5 D
35%
2020 - 2021 Allemagne LucaWaldschmidt 43 A
35%
2020 - 2024 Brésil Morato 86 D
35%
2024 - 2025 Suisse ZekiAmdouni 43 A
35%
2011 - 2015 Brésil ArturMoraes 144 G
33%
2016 - 2021 Argentine FrancoCervi 172 A
33%
2020 - 2023 Brésil Gilberto 106 D
33%
2016 - 2020 Serbie AndrijaZivkovic 88 A
31%
2018 - 2019 France SébastienCorchia 8 D
31%
2014 - 2016 Brésil AndersonTalisca 78 M
29%
2017 - 2018 Portugal BrunoVarela 35 G
29%
2010 - 20112012 - 2013 Portugal CarlosMartins 69 M
29%
2022 - 2024 Danemark CasperTengstedt 35 A
29%
2010 - 2011 Portugal FábioCoentrao 45 D
29%
2018 - 2021 Brésil Gabriel 100 M
29%
2015 - 2017 Croatie LukaJovic 4 A
29%
2023 - 2025 Brésil ArthurCabral 77 A
27%
2019 - 2020 Brésil CarlosVinicius 50 A
27%
2014 - 2015 Brésil CésarMartins 9 D
27%
2018 - 2022 Portugal Ferro 67 D
27%
2013 - 2014 Portugal IvanCavaleiro 20 A
27%
2020 - 2021 France Jean - ClairTodibo 2 D
27%
2011 - 2012 Portugal LuísMartins 5 D
27%
2021 - 2022 France SoualihoMeité 27 M
27%
2019 - 20212022 - 2024 Portugal Chiquinho 126 M
25%
2024 - Etats - Unis JoshuaWynder 1 D
25%
2021 - 2023 Portugal PauloBernardo 26 M
25%
2010 - 2011 Espagne Roberto 41 G
25%
2014 - 2016 Italie BryanCristante 20 M
24%
2011 - 2012 Portugal DavidSimao 2 M
24%
2021 - 2023 Portugal DiegoMoreira 2 A
24%
2017 - 20182020 - 2023 Portugal DiogoGonçalves 98 A
24%
2013 - 20142015 - 2016 Serbie FilipDjuricic 24 M
24%
2023 - 2025 Portugal GustavoVarela 1 A
24%
2020 - 2023 Brésil HeltonLeite 34 G
24%
2020 - 2021 Portugal JoaoFerreira 5 D
24%
2010 - 2011 Portugal JoséMoreira 6 G
24%
2020 - 2023 Brésil LucasVerissimo 41 D
24%
2022 - 2024 Croatie PetarMusa 66 A
24%
2010 - 20122013 - 2015 Portugal RúbenAmorim 81 M
24%
2022 - 2023 Italie CherNdour 1 M
22%
2018 - 2019 Argentine FacundoFerreyra 12 A
22%
2017 - 2019 Croatie FilipKrovinovic 28 M
22%
2017 - 2018 Portugal JoaoCarvalho 10 M
22%
2024 - Portugal JoaoRego 14 M
22%
2014 - 2015 Uruguay JonathanRodríguez 1 A
22%
2023 - 2024 Brésil MarcosLeonardo 24 A
22%
2015 - 2016 Maroc MehdiCarcela - González 29 A
22%
2013 - 2016 Portugal Sílvio 39 D
22%
2023 - 2024 Slovaquie DavidJurasek 12 D
20%
2011 - 2012 Espagne JoanCapdevilla 12 D
20%
2018 - 2020 Portugal Jota 34 A
20%
2023 - 2024 Espagne JuanBernat 7 D
20%
2024 - Portugal LeandroSantos 5 D
20%
2018 - 2019 Chili NicolasCastillo 11 A
20%
2020 - 2021 Brésil Pedrinho 31 A
20%
2021 - 20222023 - 2025 Portugal TiagoGouveia 40 A
20%
2021 - 2022 Autriche ValentinoLazaro 29 D/M
20%
2024 - 2025 Albanie AdrianBajrami 6 D
18%
2019 - 2020 Brésil DyegoSousa 13 A
18%
2017 - 2018 Brésil GabrielBarbosa 5 A
18%
2013 - 2014 Brésil GuilhermeSiqueira 33 D
18%
2024 - Portugal JoaoVeloso 2 M
18%
2011 - 20122014 - 2015 Portugal NélsonOliveira 24 A
18%
2021 - 2022 Serbie NemanjaRadonjíc 11 A
18%
2015 - 2016 Portugal NunoSantos 2 A
18%
2016 - 2017 Portugal AndréHorta 16 M
16%
2016 - 2017 Brésil DaniloBarbosa 5 M
16%
2024 - 2025 Portugal GersonSousa 1 A
16%
2018 - 2020 Russie IvanZlobin 7 G
16%
2021 - 2023 Portugal MartimNeto 1 M
16%
2013 - 2015 Serbie MiralemSulejmani 34 A
16%
2016 - 20172018 - 2019 Portugal YuriRibeiro 9 D
16%
2024 - Portugal Bruma 14 A
14%
2019 - 2020 Brésil CaioLucas 11 M
14%
2011 - 2012 Brésil Émerson 39 D
14%
2011 - 2013 Israel MiguelVítor 11 D
14%
2011 - 2013 Espagne Nolito 63 A
14%
2015 - 2016 Brésil VictorAndrade 5 A
14%
2014 - 2015 Cap - Vert Bebé 6 A
12%
2018 - 2020 Argentine GermánConti 10 D
12%
2024 - 2025 BurkinaFaso IssaKaboré 7 D
12%
2012 - 2013 Uruguay JonathanUrretaviscaya 8 A
12%
2012 - 2013 Paraguay LorenzoMelgarejo 40 A
12%
2011 - 2012 Portugal YannickDjaló 5 A
12%
2023 - 2025 Argentine BenjaminRollheiser 27 A
10%
2016 - 2017 Croatie BranimirKalaica 1 D
10%
2018 - 2019 Argentine CristianLema 2 D
10%
2017 - 2018 Brésil Douglas 11 D
10%
2011 - 2012 Portugal Eduardo 9 G
10%
2014 - 2016 Portugal JoaoTeixeira 2 M
10%
2022 - 2023 Serbie MihailoRistic 10 D
10%
2024 - 2025 Allemagne NiklasBeste 22 A
10%
2013 - 2014 Mexique RogelioFunes Mori 5 A
10%
2010 - 20112012 - 2013 Brésil AlanKardec 30 A
8%
2024 - Portugal DiogoPrioste 1 M
8%
2016 - 2018 Brésil FilipeAugusto 27 M
8%
2010 - 20112014 - 2015 Argentine FrancoJara 47 A
8%
2014 - 2015 Allemagne HanyMukhtar 1 M
8%
2022 - 2024 Brésil JoaoVictor 5 D
8%
2017 - 2018 États-Unis KeatonParks 6 M
8%
2014 - 2015 Suisse LorisBenito 6 D
8%
2016 - 2017 Brésil MarceloHermes 1 D
8%
2017 - 2018 Slovaquie MartinChrien 2 M
8%
2010 - 20112012 - 2013 Portugal RoderickMiranda 13 D
8%
2021 - 2022 Portugal SandroCruz 2 D
8%
2010 - 20112012 - 2013 Brésil Sidnei 30 D
8%
2019 - 2020 Portugal TiagoDantas 1 M
8%
2013 - 2014 Brésil BrunoCortez 7 D
6%
2010 - 2011 Portugal CésarPeixoto 36 D/M
6%
2014 - 2015 Brésil Derley 27 A
6%
2016 - 2017 Colombie GuillermoCelis 7 M
6%
2023 - 2025 Brésil GustavoMarques 1 D
6%
2012 - 2013 Portugal Luísinho 10 D
6%
2010 - 2011 Brésil Airton 28 M
4%
2010 - 2011 France LionelCarole 6 D
4%
2010 - 2011 Portugal LuísFilipe 5 D
4%
2021 - 2023 Brésil RodrigoPinho 10 A
4%
2014 - 2015 Portugal RuiFonte 1 A
4%
2013 - 2014 Canada StevenVitória 5 D
4%
2015 - 2016 Mozambique ClésioBaúque 1 A
2%
2020 - 2021 Brésil DanielDos Anjos 1 A
2%
2010 - 2011 Brésil FelipeMenezes 16 M
2%
2010 - 2011 Brésil Weldon 8 A
2%
2010 - 2011 Portugal FábioFaria 1 D
0%
Aucun quiz correspondant
Distribution des résultats
% des personnes avec chaque résultat
Percentile par nombre de réponses
Votre historique - résultats
Vous n’avez pas pris ce quiz depuis la dernière actualisation